Is China's economic growth a threat to America? / (Record no. 10738)

MARC details
000 -LEADER
fixed length control field 02480cam a2200433 i 4500
001 - CONTROL NUMBER
control field 17631408
003 - CONTROL NUMBER IDENTIFIER
control field mut
005 - DATE AND TIME OF LATEST TRANSACTION
control field 20240606081142.0
008 - FIXED-LENGTH DATA ELEMENTS--GENERAL INFORMATION
fixed length control field 130220t20132013miu b 001 0 eng
010 ## - LIBRARY OF CONGRESS CONTROL NUMBER
LC control number 2013001151
020 ## - INTERNATIONAL STANDARD BOOK NUMBER
International Standard Book Number 9780737761856 (hbk.)
020 ## - INTERNATIONAL STANDARD BOOK NUMBER
International Standard Book Number 0737761857 (hbk.)
020 ## - INTERNATIONAL STANDARD BOOK NUMBER
International Standard Book Number 9780737761863 (pbk.)
020 ## - INTERNATIONAL STANDARD BOOK NUMBER
International Standard Book Number 0737761865 (pbk.)
040 ## - CATALOGING SOURCE
Original cataloging agency DLC
Language of cataloging eng
Transcribing agency DLC
Description conventions rda
Modifying agency DLC
042 ## - AUTHENTICATION CODE
Authentication code pcc
043 ## - GEOGRAPHIC AREA CODE
Geographic area code a-cc---
-- n -us---
050 00 - LIBRARY OF CONGRESS CALL NUMBER
Classification number HF1456.5.C6
Item number I8 2013
082 00 - DEWEY DECIMAL CLASSIFICATION NUMBER
Classification number 337.51073
Edition information 23
245 00 - TITLE STATEMENT
Title Is China's economic growth a threat to America? /
264 #1 - PRODUCTION, PUBLICATION, DISTRIBUTION, MANUFACTURE, AND COPYRIGHT NOTICE
Place of production, publication, distribution, manufacture Detroit :
Name of producer, publisher, distributor, manufacturer Greenhaven Press, A part of Gale, Cengage Learning,
Date of production, publication, distribution, manufacture, or copyright notice [2013]
264 #4 - PRODUCTION, PUBLICATION, DISTRIBUTION, MANUFACTURE, AND COPYRIGHT NOTICE
Date of production, publication, distribution, manufacture, or copyright notice ©2013
300 ## - PHYSICAL DESCRIPTION
Extent 103 pages ;
Dimensions 23 cm.
336 ## - CONTENT TYPE
Content type term text
Source rdacontent
337 ## - MEDIA TYPE
Media type term unmediated
Source rdamedia
338 ## - CARRIER TYPE
Carrier type term volume
Source rdacarrier
490 0# - SERIES STATEMENT
Series statement At issue, international politics
504 ## - BIBLIOGRAPHY, ETC. NOTE
Bibliography, etc. note Includes bibliographical references (pages 94-97) and index.
505 0# - FORMATTED CONTENTS NOTE
Formatted contents note China's cooling economy puts Obama export goal at risk /
Statement of responsibility Kathy Chu --
Title Think again : American decline /
Statement of responsibility Gideon Rachman --
Title Black markets offer the Chinese economy an advantage /
Statement of responsibility Bradley Gardner --
Title US agriculture exports to China benefit the US economy /
Statement of responsibility Gregory Meyer and Leslie Hook --
Title Manufacturing in China remains a threat to US jobs /
Statement of responsibility Economist --
Title China is not the biggest threat to American manufacturing /
Statement of responsibility Roger Pol --
Title US manufacturers will return stateside as wages rise in China /
Statement of responsibility David Conrads --
Title The US trade deficit with China has cost American jobs /
Statement of responsibility Robert E. Scott --
Title The US and China's economic rivalry creates international tensions /
Statement of responsibility Ian Bremmer --
Title China's growing film industry may provide competition for Hollywood /
Statement of responsibility Ellen E. Jones.
520 ## - SUMMARY, ETC.
Summary, etc. "Explores many aspects of the economic relationship between the United States and China, including the impact on the auto industry, agriculture, and manufacturing jobs"--
Assigning source Publisher's web site.
651 #0 - SUBJECT ADDED ENTRY--GEOGRAPHIC NAME
Geographic name China
General subdivision Foreign economic relations
Geographic subdivision United States.
651 #0 - SUBJECT ADDED ENTRY--GEOGRAPHIC NAME
Geographic name United States
General subdivision Foreign economic relations
Geographic subdivision China.
651 #0 - SUBJECT ADDED ENTRY--GEOGRAPHIC NAME
Geographic name China
General subdivision Economic conditions
Chronological subdivision 2000-
651 #0 - SUBJECT ADDED ENTRY--GEOGRAPHIC NAME
Geographic name United States
General subdivision Economic conditions
Chronological subdivision 21st century.
700 1# - ADDED ENTRY--PERSONAL NAME
Personal name Lankford, Ronald D.,
Titles and other words associated with a name Jr.,
Dates associated with a name 1962-
Relator term editor of compilation.
906 ## - LOCAL DATA ELEMENT F, LDF (RLIN)
a 7
b cbc
c orignew
d 1
e ecip
f 20
g y-gencatlg
942 ## - ADDED ENTRY ELEMENTS (KOHA)
Source of classification or shelving scheme Library of Congress Classification
Koha item type Books
Holdings
Withdrawn status Lost status Source of classification or shelving scheme Damaged status Not for loan Home library Current library Date acquired Total checkouts Full call number Barcode Date last seen Price effective from Koha item type
    Library of Congress Classification     Murang'a University of Technology Library Murang'a University of Technology Library 19/06/2017   HF1456.5.C6 I8 2013 011808 30/08/2024 19/06/2017 Books